00566nam a22001457a 450000500170000000800400001705000210005710000460007824501100012426000440023430000190027865000560029765000210035370000460037420150124131355.0140716t sp ||||| |||| 00| 0 spa d04aPR473 bA72 19611 aJuan Arbó, Sebastià, d1902- eautor.10aMaestros ingleses IIc/ Seleccion y estudios de Sebastián Juan arbo y Ricardo Fernández de la reguera aBarcelona : bEditorial Planeta,c1961 a1958p.;c19cm. 4aLiteratura inglesa xHistoria y críticaySiglo XX 4aAutores ingleses1 aFernandez de la Reguera, Ricardo, d1914-